000 00295nam a2200133 i 4500
001 bg
100 1 _aRÖSLER, H. J.
245 0 _aGeochemische Tabelen /
_cH.J. Rösler.
260 _aLipsk,
_c1965.
040 _cBPK
041 _apol
942 _cKS
008 s pl f |000 0 pol
999 _c7844
_d7844
856 _uhttp://koha.tu.koszalin.pl/cgi-bin/koha/opac-detail.pl?biblionumber=7844
_yKatalog online BPK